00617nam a2200181 a 4500008004100000020001800041050001500059100001900074245011600093250001200209260006000221300001600281350001000297650004400307650002100351650004100372700002200413130516s2010 ||||||||||||||||| || u a9780702033674 aQP 145 SMI aMorton, Dion G14aThe digestive system: basic science and clinical conditions. (2nd ed.)cby Margaret E. Smith and Dion G. Morton a2nd ed. aEdinburgh, LondonbChurchill Livingstone/Elsevierc2010 a217p.: ill. a42.95 aDIAGNOSTIC TECHNIQUES, DIGESTIVE SYSTEM aDIGESTIVE ORGANS aDIGESTIVE SYSTEM DISEASES--DIAGNOSIS aSmith, Margaret E